|
|
|
|
| LEADER |
00000nam0a2200000 4500 |
| 001 |
143128 |
| 005 |
20240403064830.0 |
| 035 |
|
|
|a (RuTPU)RU\TPU\book\155096
|
| 090 |
|
|
|a 143128
|
| 100 |
|
|
|a 20080916d2008 m y0rusy50 ca
|
| 101 |
0 |
|
|a rus
|
| 102 |
|
|
|a RU
|
| 105 |
|
|
|a a j 001zy
|
| 200 |
1 |
|
|a Физические основы электроники. Практикум
|e учебное пособие
|f А. С. Глазырин [и др.]
|g Томский политехнический университет (ТПУ), Институт дистанционного образования (ИДО)
|
| 210 |
|
|
|a Томск
|c Изд-во ТПУ
|d 2008
|
| 215 |
|
|
|a 88 с.
|c ил.
|
| 320 |
|
|
|a Библиогр.: с. 69.
|
| 330 |
|
|
|a В учебном пособии содержится краткое описание физических процессов в основных типах полупроводниковых приборов, применяемых в современных электронных системах, устройствах автоматического управления и пр. Описан порядок проведения экспериментов при исследовании конкретных схем, приведены требования к оформлению отчетов по лабораторным работам. Для подготовки к защите отчетов по каждой работе приводятся контрольные вопросы, а также список рекомендованных литературных источников. Пособие подготовлено на кафедре электропривода и электрооборудования и предназначено для студентов специальностей 140601 «Электромеханика», 140604 «Электропривод и автоматизация промышленных установок и технологических комплексов», 140611 «Электроизоляционная, кабельная и конденсаторная техника», 140610 «Электрооборудование и электрохозяйство предприятий, организаций и учреждений» Института дистанционного образования ТПУ.
|
| 606 |
1 |
|
|a Электроника
|2 stltpush
|3 (RuTPU)RU\TPU\subj\20310
|9 45419
|
| 610 |
1 |
|
|a физические основы
|
| 610 |
1 |
|
|a полупроводниковые приборы
|
| 610 |
1 |
|
|a схемы
|
| 610 |
1 |
|
|a исследование
|
| 610 |
1 |
|
|a выпрямительные диоды
|
| 610 |
1 |
|
|a вольт-амперные характеристики
|
| 610 |
1 |
|
|a источники электропитания
|
| 610 |
1 |
|
|a полупроводниковые диоды
|
| 610 |
1 |
|
|a стабилитроны
|
| 610 |
1 |
|
|a усилительные каскады
|
| 610 |
1 |
|
|a биполярные транзисторы
|
| 610 |
1 |
|
|a полевые транзисторы
|
| 610 |
1 |
|
|a программы
|
| 610 |
1 |
|
|a Electronics Workbench
|
| 610 |
1 |
|
|a лабораторные работы
|
| 610 |
1 |
|
|a практикумы
|
| 610 |
1 |
|
|a учебные пособия
|
| 610 |
1 |
|
|a труды учёных ТПУ
|
| 675 |
|
|
|a 621.38:53(076.5)
|v 3
|
| 701 |
|
1 |
|a Глазырин
|b А. С.
|c специалист в области электротехники
|c профессор Томского политехнического университета, доктор технических наук
|f 1978-
|g Александр Савельевич
|y Томск
|3 (RuTPU)RU\TPU\pers\26445
|4 070
|9 12148
|
| 701 |
|
1 |
|a Глазачев
|b А. В.
|c специалист в области электроники
|c доцент Томского политехнического университета, кандидат технических наук
|f 1974-
|g Александр Владимирович
|3 (RuTPU)RU\TPU\pers\26444
|4 070
|9 12147
|
| 701 |
|
1 |
|a Петрович
|b В. П.
|c специалист в области электротехники
|c доцент Томского политехнического университета, кандидат технических наук
|f 1940-
|g Виталий Петрович
|3 (RuTPU)RU\TPU\pers\29373
|9 13955
|
| 701 |
|
1 |
|a Аристов
|b А. В.
|c российский ученый, специалист в области электротехники
|c профессор Томского политехнического университета, доктор технических наук
|f 1952-
|g Анатолий Владимирович
|3 (RuTPU)RU\TPU\pers\25508
|4 070
|
| 712 |
0 |
2 |
|a Томский политехнический университет (ТПУ)
|b Институт дистанционного образования (ИДО)
|3 (RuTPU)RU\TPU\col\12625
|
| 801 |
|
1 |
|a RU
|b 63413507
|c 20080916
|g PSBO
|
| 801 |
|
2 |
|a RU
|b 63413507
|c 20211015
|g PSBO
|
| 942 |
|
|
|c BK
|